LEADER 00957nam a2200241 u 4500 001 000000081756 003 CaOOAMICUS 005 20070226123805.0 008 050330s1944 it u000 u ita u 035 $a11036472 040 $aPUL(R)$bita 100 1 $aTinto, Edoardo.$0(OLS)http://pul/name/54437 245 10$aNel mondo dei microbi /$cEdoardo Tinto. 260 $aRoma :$bPropaganda Libraria,$c1944. 300 $a30 p. ;$c17 cm 490 1 $aBiblioteca dei Curiosi.$aSeconda serie ;$v11 650 4$aBiologia$xManuali, trattati, ecc.$0(OLS)http://pul/subject/28160 830 0$aBiblioteca dei Curiosi.$nSeconda serie ;$v11.$0(OLS)http://pul/title/106857 850 $aPUL 852 $aPUL$W1$xDP1 Fondo Cecchetti$y53$m260 S 55$j104244$nBK-PRI$b $qFondi$B104244$CPULBib$Z2$F104244 $82 941 1 $a1 996 $6245$aNel mondo dei microbi$9(OLS)http://pul/title/106877 996 $6260$aRoma :$bPropaganda Libraria$9(OLS)http://pul/publisher/76098 LEADER 01315nam a2200301 u 4500 001 000000117933 003 CaOOAMICUS 005 20101213104349.0 008 091110s2009 it u000 u ita r 020 $a978-88-13-29022-1 040 $aPUL$bita$dReb 100 1 $aCian, Giorgio,$d1935-2022.$0(OLS)http://pul/name/10130 240 10$aCodice civile (2009).$0(OLS)http://pul/title/148396 245 10$aCommentario breve al Codice Civile /$cGiorgio Cian, Alberto Trabucchi ; a cura di Giorgio Cian. 250 $aNona ed. 260 $aPadova :$bCEDAM,$c2009. 300 $a4054 p.$c24 cm 490 1 $aBreviaria Iuris ;$v1 630 04$aItalia$xCodice civile.$0(OLS)http://pul/subject/35790 650 4$aDiritto civile$zItalia.$0(OLS)http://pul/subject/3770 700 1 $aTrabucchi, Alberto,$d1907-1998.$0(OLS)http://pul/name/10131 830 0$aBreviaria Iuris ;$v1.$0(OLS)http://pul/title/8521 850 $aPUL 852 $aPUL$W1$xDP2 Diritto e Scienze Sociali 3$y110$m348. 45 BCOLL 3.8$j135327$qDDC 21$B134298$CPULBib$Z2$F134298 $H111131 $82 941 1 $a9 996 $6020$a978-88-13-29022-1$9(OLS)http://pul/number/142369 996 $6245$aCommentario breve al Codice Civile$9(OLS)http://pul/title/15037 996 $6260$aPadova :$bCEDAM$9(OLS)http://pul/publisher/48126